[Event "Harmonie Chess Tournament 2005"]
[Site "Groningen NED"]
[Date "2005.12.23"]
[Round "1.1"]
[White "Frolyanov, Dmitry"]
[Black "Pruijssers, Roeland"]
[Result "1/2-1/2"]
[WhiteElo "2508"]
[BlackElo "2310"]
[PlyCount "38"]
[EventDate "2005.12.23"]
[EventType "tourn"]
[EventRounds "9"]
[EventCountry "NED"]
[EventCategory "7"]
[Source "lmi"]
[SourceDate "2005.12.31"]

1. e4 e5 2. Nf3 Nc6 3. Bb5 a6 4. Ba4 Nf6 5. O-O Be7 6. Bxc6 dxc6 7. d3 Nd7 8.
Nbd2 c5 9. Nc4 Bd6 10. Bg5 f6 11. Bd2 O-O 12. Nh4 Nb8 13. Nf5 Nc6 14. Nce3 Be6
15. Kh1 Qd7 16. Qg4 Kh8 17. Qh4 Nd4 18. Nxd6 Qxd6 19. Rfd1 Rad8 1/2-1/2

[Event "Harmonie Chess Tournament 2005"]
[Site "Groningen NED"]
[Date "2005.12.23"]
[Round "1.2"]
[White "Tan, Matthew"]
[Black "Ragger, Markus"]
[Result "1/2-1/2"]
[WhiteElo "2298"]
[BlackElo "2433"]
[PlyCount "95"]
[EventDate "2005.12.23"]
[EventType "tourn"]
[EventRounds "9"]
[EventCountry "NED"]
[EventCategory "7"]
[Source "lmi"]
[SourceDate "2005.12.31"]

1. e4 e5 2. Nf3 Nc6 3. Bb5 a6 4. Bxc6 dxc6 5. O-O Qf6 6. d4 exd4 7. Bg5 Qd6 8.
Nxd4 Bd7 9. Nc3 Be7 10. Bxe7 Nxe7 11. Nb3 Qxd1 12. Raxd1 b6 13. Rd2 O-O-O 14.
Rfd1 Ng6 15. Nd4 Rhe8 16. f3 c5 17. Nde2 Ne5 18. b3 Nc6 19. Ng3 f6 20. Nd5 Be6
21. c3 a5 22. Nf4 Rxd2 23. Rxd2 Bd7 24. Kf2 Ne7 25. Nd5 Nxd5 26. exd5 g6 27.
Re2 Rxe2+ 28. Kxe2 Kd8 29. h4 Ke7 30. Ke3 f5 31. Ne2 h6 32. f4 b5 33. c4 b4 34.
Nc1 c6 35. d6+ Kxd6 36. Nd3 Be6 37. g3 a4 38. Kd2 a3 39. Kc1 Bf7 40. Ne5 Be8
41. Nd3 Bd7 42. Ne5 Be8 43. Nd3 Ke7 44. Nxc5 Kd6 45. Nb7+ Kc7 46. Nc5 Kb6 47.
Na4+ Kc7 48. Nc5 1/2-1/2

[Event "Harmonie Chess Tournament 2005"]
[Site "Groningen NED"]
[Date "2005.12.23"]
[Round "1.3"]
[White "Ris, Robert"]
[Black "Ernst, Sipke"]
[Result "1/2-1/2"]
[WhiteElo "2337"]
[BlackElo "2473"]
[PlyCount "160"]
[EventDate "2005.12.23"]
[EventType "tourn"]
[EventRounds "9"]
[EventCountry "NED"]
[EventCategory "7"]
[Source "lmi"]
[SourceDate "2005.12.31"]

1. e4 e5 2. Nf3 Nc6 3. Bb5 a6 4. Ba4 d6 5. O-O Bd7 6. c3 g6 7. d4 Bg7 8. Bg5 f6
9. Be3 Nh6 10. dxe5 dxe5 11. Bc5 Nf7 12. Qd5 Qc8 13. Na3 Ncd8 14. Bxd7+ Qxd7
15. Qxd7+ Kxd7 16. Nc4 Bf8 17. Rfd1+ Ke6 18. Bxf8 Rxf8 19. Nfd2 b6 20. Kf1 Nb7
21. b4 a5 22. a4 Rfd8 23. Ke2 Nfd6 24. f3 f5 25. Ne3 c6 26. Rdb1 b5 27. exf5+
gxf5 28. g4 fxg4 29. Nxg4 axb4 30. Rxb4 Nc5 31. a5 Na4 32. Rbxa4 bxa4 33. Rxa4
Rab8 34. Ra2 Rb5 35. a6 Rb6 36. c4 Rb4 37. a7 Ra8 38. Ra6 Nxc4 39. Rxc6+ Nd6
40. Ne4 Rxe4+ 41. fxe4 Rxa7 42. Rc5 Nf7 43. h4 h5 44. Nf2 Ra1 45. Rb5 Nd6 46.
Rb4 Rg1 47. Kf3 Ra1 48. Ke3 Ra2 49. Rb8 Nc4+ 50. Kf3 Ra3+ 51. Kg2 Ne3+ 52. Kh2
Ra2 53. Kg3 Nf1+ 54. Kg2 Nd2 55. Rb6+ Ke7 56. Kg3 Ra3+ 57. Kg2 Nf3 58. Kg3 Nd4+
59. Kg2 Ne6 60. Nh3 Re3 61. Rb4 Kd6 62. Ng5 Nf4+ 63. Kf2 Ra3 64. Rc4 Nh3+ 65.
Kg2 Nxg5 66. hxg5 h4 67. Rc2 Rg3+ 68. Kh2 Rxg5 69. Kh3 Rh5 70. Rd2+ Ke6 71. Rf2
Rh8 72. Rf1 Rh6 73. Rf3 Kd6 74. Rd3+ Ke7 75. Rf3 Kd7 76. Ra3 Rh8 77. Ra6 Rf8
78. Kxh4 Rf4+ 79. Kg3 Rxe4 80. Kf3 Rd4 1/2-1/2

[Event "Harmonie Chess Tournament 2005"]
[Site "Groningen NED"]
[Date "2005.12.23"]
[Round "1.4"]
[White "Michielsen, Joost"]
[Black "Brandenburg, Daan"]
[Result "1-0"]
[WhiteElo "2362"]
[BlackElo "2395"]
[PlyCount "65"]
[EventDate "2005.12.23"]
[EventType "tourn"]
[EventRounds "9"]
[EventCountry "NED"]
[EventCategory "7"]
[Source "lmi"]
[SourceDate "2005.12.31"]

1. e4 e6 2. d4 d5 3. Nc3 Nf6 4. e5 Nfd7 5. f4 c5 6. Nf3 Nc6 7. Be3 cxd4 8. Nxd4
Bc5 9. Qd2 O-O 10. O-O-O a6 11. Qf2 Bxd4 12. Bxd4 b5 13. Be3 b4 14. Na4 f6 15.
Nb6 Rb8 16. Nxc8 Qxc8 17. exf6 Rxf6 18. g3 Qc7 19. Bh3 Nb6 20. Rhe1 Nc4 21. Bc5
Qa5 22. Kb1 Kf7 23. f5 exf5 24. Rxd5 Na3+ 25. Ka1 Kg8 26. bxa3 bxa3 27. Qd2 Qa4
28. Bxf5 h6 29. Rd1 Qc4 30. Qd3 Qa4 31. Bxa3 Rxf5 32. Rxf5 Nd4 33. Qxd4 1-0

[Event "Harmonie Chess Tournament 2005"]
[Site "Groningen NED"]
[Date "2005.12.23"]
[Round "1.5"]
[White "Rau, Hannes"]
[Black "Adly, Ahmed"]
[Result "1/2-1/2"]
[WhiteElo "2421"]
[BlackElo "2480"]
[PlyCount "32"]
[EventDate "2005.12.23"]
[EventType "tourn"]
[EventRounds "9"]
[EventCountry "NED"]
[EventCategory "7"]
[Source "lmi"]
[SourceDate "2005.12.31"]

1. d4 d5 2. c4 e6 3. Nc3 Nf6 4. cxd5 exd5 5. Bg5 c6 6. e3 Nbd7 7. Bd3 Be7 8.
Qc2 O-O 9. Nge2 Re8 10. O-O Nf8 11. f3 Ng6 12. Rad1 Be6 13. Kh1 Rc8 14. Nf4
Nxf4 15. Bxf4 c5 16. Be5 c4 1/2-1/2

[Event "Harmonie Chess Tournament 2005"]
[Site "Groningen NED"]
[Date "2005.12.24"]
[Round "2.1"]
[White "Pruijssers, Roeland"]
[Black "Adly, Ahmed"]
[Result "1-0"]
[WhiteElo "2310"]
[BlackElo "2480"]
[PlyCount "153"]
[EventDate "2005.12.23"]
[EventType "tourn"]
[EventRounds "9"]
[EventCountry "NED"]
[EventCategory "7"]
[Source "lmi"]
[SourceDate "2005.12.31"]

1. e4 c5 2. Nf3 d6 3. d4 Nf6 4. Nc3 cxd4 5. Nxd4 a6 6. Bg5 e6 7. f4 Bd7 8. Qe2
Nc6 9. O-O-O Nxd4 10. Rxd4 Qb6 11. Qd2 Bc6 12. f5 h6 13. Bxf6 gxf6 14. Bc4 Bd7
15. Rd1 Qc5 16. Bb3 Qe5 17. Ne2 O-O-O 18. Nf4 Rg8 19. g3 Kb8 20. Qf2 Rc8 21.
Kb1 Be7 22. Qf1 h5 23. Nxh5 Bb5 24. Qf3 exf5 25. Nf4 Bc6 26. Bd5 Bd8 27. Qb3
Rh8 28. Rb4 b5 29. a4 Bd7 30. axb5 a5 31. Rc4 Bb6 32. Bc6 Be6 33. Nd5 Bxd5 34.
Rxd5 Qe7 35. Rxf5 Rxh2 36. Qa3 Rd2 37. Qc3 Rg2 38. Bd5 Rxc4 39. Qxc4 Qc7 40.
Rxf6 Rxg3 41. Qxc7+ Bxc7 42. Rxf7 Kc8 43. Rf8+ Kd7 44. Rf7+ Kc8 45. Rf8+ Kd7
46. Bc6+ Ke6 47. Rc8 Rg7 48. Ka2 Ke5 49. c3 Bb6 50. Rb8 Ba7 51. Ra8 Bc5 52. Kb3
Ra7 53. Re8+ Kf6 54. Kc4 Re7 55. Rf8+ Ke6 56. Bd5+ Kd7 57. Ra8 Bb6 58. Rb8 Ba7
59. Bc6+ Kc7 60. Rh8 Be3 61. b3 Bf2 62. Rh2 Bg1 63. Rh5 Bf2 64. Kd5 Bg1 65. Rg5
Be3 66. Rf5 Bg1 67. Rh5 Bf2 68. c4 Bg1 69. e5 Rxe5+ 70. Rxe5 dxe5 71. c5 e4 72.
b6+ Kb8 73. Kc4 e3 74. Bf3 e2 75. Bxe2 Kb7 76. Kb5 Bf2 77. c6+ 1-0

[Event "Harmonie Chess Tournament 2005"]
[Site "Groningen NED"]
[Date "2005.12.24"]
[Round "2.2"]
[White "Brandenburg, Daan"]
[Black "Rau, Hannes"]
[Result "1-0"]
[WhiteElo "2395"]
[BlackElo "2421"]
[PlyCount "145"]
[EventDate "2005.12.23"]
[EventType "tourn"]
[EventRounds "9"]
[EventCountry "NED"]
[EventCategory "7"]
[Source "lmi"]
[SourceDate "2005.12.31"]

1. e4 c5 2. Nf3 d6 3. d4 cxd4 4. Nxd4 Nf6 5. Nc3 Nc6 6. Bc4 Qb6 7. Nxc6 bxc6 8.
O-O g6 9. Qe1 Qc5 10. b3 Bg7 11. Na4 Qh5 12. f3 O-O 13. Bb2 d5 14. exd5 cxd5
15. Bd3 Re8 16. Rd1 e5 17. Bb5 Re6 18. Qa5 Bf8 19. Be2 Bd7 20. c4 Bxa4 21. cxd5
Rb6 22. Qxa4 Bc5+ 23. Rf2 Rd8 24. Ba3 Bxf2+ 25. Kxf2 e4 26. fxe4 Qxh2 27. Bf3
h5 28. Qxa7 Rbb8 29. Qd4 Qf4 30. Bb2 Ng4+ 31. Kg1 Qh2+ 32. Kf1 f6 33. Ke2 Rbc8
34. Rd2 Ne5 35. Qf2 Kh7 36. Qa7+ Kh6 37. Qe7 Qf4 38. Bxe5 fxe5 39. d6 Qg5 40.
Qxg5+ Kxg5 41. Ke3 Rc3+ 42. Ke2 Kf4 43. Kf2 Rc6 44. d7 Rc7 45. g3+ Kg5 46. Rd5
Rdxd7 47. Rxe5+ Kf6 48. Rb5 Rc2+ 49. Ke3 Rxa2 50. e5+ Kg7 51. Be4 Ra6 52. Bd5
Re7 53. Ke4 Ra1 54. Bc4 Kh6 55. e6 Kg7 56. Rb8 Kf6 57. Rf8+ Kg5 58. Ke5 Rd1 59.
Bd5 Rd3 60. b4 Rxg3 61. Kd6 Rd3 62. b5 Rh7 63. b6 h4 64. Rf7 Rh8 65. e7 Rb8 66.
b7 h3 67. Rf3 Rxd5+ 68. Kxd5 Kg4 69. Rf1 h2 70. Kc6 Kg3 71. Kc7 Kg2 72. Re1 Kf2
73. Rb1 1-0

[Event "Harmonie Chess Tournament 2005"]
[Site "Groningen NED"]
[Date "2005.12.24"]
[Round "2.3"]
[White "Ernst, Sipke"]
[Black "Michielsen, Joost"]
[Result "1/2-1/2"]
[WhiteElo "2473"]
[BlackElo "2362"]
[PlyCount "77"]
[EventDate "2005.12.23"]
[EventType "tourn"]
[EventRounds "9"]
[EventCountry "NED"]
[EventCategory "7"]
[Source "lmi"]
[SourceDate "2005.12.31"]

1. d4 d5 2. c4 c6 3. Nf3 Nf6 4. Nc3 a6 5. e3 b5 6. c5 g6 7. Bd3 Bg7 8. O-O O-O
9. b4 Bg4 10. a4 Nbd7 11. Be2 Qc7 12. Bb2 Rfe8 13. Ra3 Bxf3 14. Bxf3 e5 15. Qa1
exd4 16. exd4 Qb8 17. Qa2 Nf8 18. Bc1 Ne6 19. Be3 h5 20. Ra1 bxa4 21. Rxa4 Ng4
22. Bxg4 hxg4 23. Qd2 f5 24. Ne2 g5 25. g3 Qb7 26. R1a3 Re7 27. Qd3 Rf8 28.
Qxa6 Qxa6 29. Rxa6 f4 30. Rxc6 Nxd4 31. Nxd4 fxe3 32. Ne6 d4 33. fxe3 dxe3 34.
Ra2 Ra7 35. Rxa7 e2 36. Rxg7+ Kh8 37. Rh7+ Kg8 38. Rg7+ Kh8 39. Rh7+ 1/2-1/2

[Event "Harmonie Chess Tournament 2005"]
[Site "Groningen NED"]
[Date "2005.12.24"]
[Round "2.4"]
[White "Ragger, Markus"]
[Black "Ris, Robert"]
[Result "1/2-1/2"]
[WhiteElo "2433"]
[BlackElo "2337"]
[PlyCount "53"]
[EventDate "2005.12.23"]
[EventType "tourn"]
[EventRounds "9"]
[EventCountry "NED"]
[EventCategory "7"]
[Source "lmi"]
[SourceDate "2005.12.31"]

1. e4 e5 2. Nf3 Nf6 3. d4 Nxe4 4. Bd3 d5 5. Nxe5 Nd7 6. Nxd7 Bxd7 7. O-O Bd6 8.
c4 c6 9. cxd5 cxd5 10. Qh5 O-O 11. Qxd5 Bc6 12. Qh5 g6 13. Qh3 Ng5 14. Qh6 Be7
15. Be3 Ne6 16. Nc3 Bf6 17. Rad1 Bxd4 18. Bxd4 Nxd4 19. Ne4 Bxe4 20. Bxe4 Qb6
21. Rd3 Qxb2 22. Rh3 Ne2+ 23. Kh1 Qg7 24. Qd2 Nd4 25. Bxb7 Rab8 26. Rd3 Rxb7
27. Rxd4 1/2-1/2

[Event "Harmonie Chess Tournament 2005"]
[Site "Groningen NED"]
[Date "2005.12.24"]
[Round "2.5"]
[White "Frolyanov, Dmitry"]
[Black "Tan, Matthew"]
[Result "1-0"]
[WhiteElo "2508"]
[BlackElo "2298"]
[PlyCount "77"]
[EventDate "2005.12.23"]
[EventType "tourn"]
[EventRounds "9"]
[EventCountry "NED"]
[EventCategory "7"]
[Source "lmi"]
[SourceDate "2005.12.31"]

1. d4 d5 2. c4 c6 3. Nf3 e6 4. Qc2 Nf6 5. g3 dxc4 6. Qxc4 b5 7. Qc2 Bb7 8. Bg2
Nbd7 9. O-O c5 10. a4 a6 11. axb5 axb5 12. Rxa8 Bxa8 13. Na3 b4 14. Nc4 Be7 15.
dxc5 Bxc5 16. Nce5 Be4 17. Qa4 Qa8 18. Qb5 Qd5 19. Qa4 O-O 20. Nxd7 Qxd7 21.
Qxd7 Nxd7 22. Bf4 Rc8 23. Rc1 Nb6 24. Nd2 Bxg2 25. Kxg2 f5 26. Be5 Kf7 27. Nf3
Be7 28. Ra1 Nc4 29. Bd4 Bf6 30. Ra7+ Kg6 31. b3 Nd6 32. Nh4+ Bxh4 33. gxh4 Nb5
34. Rxg7+ Kh6 35. Rd7 Nxd4 36. Rxd4 Rc2 37. e3 Rb2 38. Rxb4 Kh5 39. Rb6 1-0

[Event "Harmonie Chess Tournament 2005"]
[Site "Groningen NED"]
[Date "2005.12.26"]
[Round "3.1"]
[White "Tan, Matthew"]
[Black "Pruijssers, Roeland"]
[Result "0-1"]
[WhiteElo "2298"]
[BlackElo "2310"]
[PlyCount "52"]
[EventDate "2005.12.23"]
[EventType "tourn"]
[EventRounds "9"]
[EventCountry "NED"]
[EventCategory "7"]
[Source "lmi"]
[SourceDate "2005.12.31"]

1. e4 e5 2. Nf3 Nc6 3. d4 exd4 4. Nxd4 Nf6 5. Nxc6 bxc6 6. e5 Qe7 7. Qe2 Nd5 8.
c4 Nb6 9. Nc3 g6 10. b3 Bg7 11. Bb2 O-O 12. O-O-O Bxe5 13. Re1 d6 14. g3 Qf6
15. Qd2 Rb8 16. Bg2 Bf5 17. Ba1 c5 18. h3 Qg7 19. g4 Bd7 20. Kc2 f5 21. f4 Bd4
22. g5 Rbe8 23. Nd5 Bxa1 24. Rxa1 Nxc4 25. Nf6+ Qxf6 26. bxc4 Ba4+ 0-1

[Event "Harmonie Chess Tournament 2005"]
[Site "Groningen NED"]
[Date "2005.12.26"]
[Round "3.2"]
[White "Ris, Robert"]
[Black "Frolyanov, Dmitry"]
[Result "0-1"]
[WhiteElo "2337"]
[BlackElo "2508"]
[PlyCount "68"]
[EventDate "2005.12.23"]
[EventType "tourn"]
[EventRounds "9"]
[EventCountry "NED"]
[EventCategory "7"]
[Source "lmi"]
[SourceDate "2005.12.31"]

1. e4 c5 2. Nf3 Nc6 3. d4 cxd4 4. Nxd4 Nf6 5. Nc3 e5 6. Ndb5 d6 7. Bg5 a6 8.
Na3 b5 9. Bxf6 gxf6 10. Nd5 Bg7 11. g3 f5 12. Bg2 O-O 13. exf5 e4 14. f6 Bxf6
15. Nxf6+ Qxf6 16. O-O Bf5 17. Qd5 Ne7 18. Qd2 Qxb2 19. Qg5+ Bg6 20. Qxe7 Qxa3
21. Rfd1 Qc3 22. h4 Rae8 23. Qg5 e3 24. fxe3 Rxe3 25. Kh2 Re2 26. Rg1 Rfe8 27.
Rad1 Qe5 28. Qg4 Qf5 29. Qb4 Qxc2 30. Rd5 h6 31. Qg4 Qe4 32. Qxe4 Bxe4 33. Rxd6
Rxa2 34. Rxh6 Bg6 0-1

[Event "Harmonie Chess Tournament 2005"]
[Site "Groningen NED"]
[Date "2005.12.26"]
[Round "3.3"]
[White "Michielsen, Joost"]
[Black "Ragger, Markus"]
[Result "0-1"]
[WhiteElo "2362"]
[BlackElo "2433"]
[PlyCount "82"]
[EventDate "2005.12.23"]
[EventType "tourn"]
[EventRounds "9"]
[EventCountry "NED"]
[EventCategory "7"]
[Source "lmi"]
[SourceDate "2005.12.31"]

1. e4 e5 2. Nf3 Nc6 3. Bb5 a6 4. Ba4 Nf6 5. O-O Be7 6. Re1 b5 7. Bb3 O-O 8. c3
d6 9. h3 Na5 10. Bc2 c5 11. d4 Qc7 12. Nbd2 Rd8 13. b3 Bd7 14. Bb2 c4 15. d5 g6
16. Nf1 Nh5 17. b4 Nb7 18. Rb1 a5 19. a3 axb4 20. axb4 Ra2 21. Bc1 Rda8 22. Be3
Nd8 23. Qd2 f6 24. Rbc1 Nf7 25. g4 Ng7 26. Ng3 Qb7 27. Kh2 Bd8 28. Rg1 Bb6 29.
Nf1 Rf8 30. Ng3 Kh8 31. Rg2 Qa7 32. Rcg1 Ng5 33. Ne1 Ra1 34. Qe2 Bxe3 35. fxe3
Qa3 36. h4 Nf7 37. Rf2 Nh6 38. Nf5 gxf5 39. gxf5 Qxc3 40. Rfg2 Rg8 41. Rg3 Raa8
0-1

[Event "Harmonie Chess Tournament 2005"]
[Site "Groningen NED"]
[Date "2005.12.26"]
[Round "3.4"]
[White "Rau, Hannes"]
[Black "Ernst, Sipke"]
[Result "1/2-1/2"]
[WhiteElo "2421"]
[BlackElo "2473"]
[PlyCount "117"]
[EventDate "2005.12.23"]
[EventType "tourn"]
[EventRounds "9"]
[EventCountry "NED"]
[EventCategory "7"]
[Source "lmi"]
[SourceDate "2005.12.31"]

1. d4 Nf6 2. c4 e6 3. Nc3 Bb4 4. Qc2 c5 5. dxc5 Bxc5 6. Nf3 Qb6 7. e3 Qc7 8.
Be2 a6 9. O-O b6 10. b3 Bb7 11. Bb2 Be7 12. Rfd1 d6 13. Rac1 Nbd7 14. Qb1 O-O
15. Nd4 Rac8 16. Bf3 Bxf3 17. Nxf3 Qb7 18. Nd4 Rc7 19. a4 Rfc8 20. Ba3 Bf8 21.
Nde2 Nc5 22. f3 d5 23. cxd5 Nxa4 24. Bxf8 Nxc3 25. Rxc3 Rxc3 26. Nxc3 Kxf8 27.
Ne4 Nxe4 28. Qxe4 Kg8 29. dxe6 Qxe4 30. fxe4 fxe6 31. Rd6 b5 32. Rxe6 Ra8 33.
Re5 Kf7 34. Rc5 Ke6 35. Kf2 Kd6 36. Rg5 g6 37. Kf3 Kc6 38. b4 a5 39. bxa5 Rxa5
40. Rd5 Ra8 41. Rd1 b4 42. e5 b3 43. e6 Re8 44. Rd3 Rf8+ 45. Ke4 Rb8 46. e7 b2
47. Rb3 Rxb3 48. e8=Q+ Kc5 49. Qe5+ Kb4 50. Qd4+ Kb5 51. Qd5+ Kb4 52. Qd2+ Ka4
53. Qd7+ Kb4 54. Qd4+ Kb5 55. Qd7+ Kb4 56. Qd6+ Ka4 57. Qa6+ Kb4 58. Qb6+ Ka4
59. Qc6+ 1/2-1/2

[Event "Harmonie Chess Tournament 2005"]
[Site "Groningen NED"]
[Date "2005.12.26"]
[Round "3.5"]
[White "Adly, Ahmed"]
[Black "Brandenburg, Daan"]
[Result "1/2-1/2"]
[WhiteElo "2480"]
[BlackElo "2395"]
[PlyCount "89"]
[EventDate "2005.12.23"]
[EventType "tourn"]
[EventRounds "9"]
[EventCountry "NED"]
[EventCategory "7"]
[Source "lmi"]
[SourceDate "2005.12.31"]

1. Nf3 Nf6 2. e3 g6 3. b3 Bg7 4. Bb2 O-O 5. d4 b6 6. Nbd2 Bb7 7. Be2 d6 8. O-O
Nbd7 9. h3 Ne4 10. Nxe4 Bxe4 11. Nd2 Bb7 12. Bf3 Bxf3 13. Qxf3 e5 14. Nc4 Re8
15. dxe5 Nxe5 16. Bxe5 Bxe5 17. Rad1 Qe7 18. a4 a6 19. Qc6 Bg7 20. e4 Qxe4 21.
Qxc7 Qxc2 22. Qxb6 Reb8 23. Qc6 Qxb3 24. Nxd6 Qb6 25. Qc4 Rf8 26. Rd5 a5 27.
Rfd1 Qb4 28. Rb5 Qxc4 29. Nxc4 Bc3 30. Rd3 Bb4 31. Rd7 Rfd8 32. Rxd8+ Rxd8 33.
Nxa5 Rd1+ 34. Kh2 Be1 35. Nc6 Bxf2 36. a5 Ra1 37. g4 Be1 38. Kg2 Ra3 39. Re5
Bh4 40. Kf1 Kg7 41. Ke2 Rc3 42. Nd4 Bf6 43. Rd5 Bxd4 44. Rxd4 Ra3 45. h4
1/2-1/2

[Event "Harmonie Chess Tournament 2005"]
[Site "Groningen NED"]
[Date "2005.12.27"]
[Round "4.1"]
[White "Pruijssers, Roeland"]
[Black "Brandenburg, Daan"]
[Result "1-0"]
[WhiteElo "2310"]
[BlackElo "2395"]
[PlyCount "157"]
[EventDate "2005.12.23"]
[EventType "tourn"]
[EventRounds "9"]
[EventCountry "NED"]
[EventCategory "7"]
[Source "lmi"]
[SourceDate "2005.12.31"]

1. e4 e6 2. d4 d5 3. Nc3 h6 4. Nf3 Nf6 5. Bd3 Bb4 6. exd5 exd5 7. O-O O-O 8. h3
c5 9. dxc5 Bxc5 10. Bf4 Nc6 11. a3 a6 12. Re1 Be6 13. Qd2 Re8 14. b4 Bf8 15.
Rab1 b5 16. Ne5 Nxe5 17. Bxe5 Nd7 18. Bd4 Nb8 19. Ne2 Nc6 20. Bb2 Rc8 21. Nd4
Nxd4 22. Bxd4 Qd7 23. Qf4 Bd6 24. Qf3 Ra8 25. c3 Bc7 26. Bc2 Qd6 27. Be5 Qxe5
28. Rxe5 Bxe5 29. Re1 Bf6 30. Bb3 Red8 31. Rd1 Ra7 32. g3 Rad7 33. Kg2 Rd6 34.
Rd3 g6 35. Qf4 Kg7 36. g4 Bc8 37. Bd1 Rc6 38. Qd2 Rcd6 39. Bf3 Be6 40. Qe1 g5
41. Bd1 d4 42. cxd4 Bc4 43. Rd2 Re6 44. Qg1 Be5 45. Bf3 Bf4 46. d5 Bxd2 47.
dxe6 Bxe6 48. Qa1+ f6 49. Qb2 Bf4 50. Qe2 Kf7 51. Qe4 f5 52. gxf5 Bd5 53. Qe2
Bc4 54. Qb2 Rd6 55. Qh8 Rf6 56. Bh5+ Ke7 57. Qg7+ Bf7 58. Bxf7 Rxf7 59. Qxh6
Rxf5 60. Qxa6 Bd6 61. Qb7+ Ke6 62. Qc8+ Ke5 63. Qd7 Rf4 64. Qxb5+ Kf6 65. Qb6
Ke6 66. Qd8 Rf5 67. Qc8+ Kf6 68. Qc6 Ke7 69. Qe4+ Re5 70. Qd3 Kd7 71. a4 Kc7
72. b5 Bb4 73. b6+ Kc6 74. Qd4 Bd6 75. b7 Bb8 76. Qb4 Kc7 77. a5 Re6 78. Qb5
Ba7 79. a6 1-0

[Event "Harmonie Chess Tournament 2005"]
[Site "Groningen NED"]
[Date "2005.12.27"]
[Round "4.2"]
[White "Ernst, Sipke"]
[Black "Adly, Ahmed"]
[Result "1/2-1/2"]
[WhiteElo "2473"]
[BlackElo "2480"]
[PlyCount "66"]
[EventDate "2005.12.23"]
[EventType "tourn"]
[EventRounds "9"]
[EventCountry "NED"]
[EventCategory "7"]
[Source "lmi"]
[SourceDate "2005.12.31"]

1. d4 Nf6 2. c4 e6 3. Nc3 d5 4. cxd5 exd5 5. Bg5 c6 6. Qc2 Nbd7 7. e3 Be7 8.
Bd3 O-O 9. Nge2 Re8 10. O-O Nf8 11. f3 Be6 12. Rad1 N6d7 13. Bf4 Rc8 14. a3 Ng6
15. Bg3 Nf6 16. h3 Bd6 17. Bxd6 Qxd6 18. e4 dxe4 19. fxe4 Qe7 20. e5 Nd5 21.
Nxd5 Bxd5 22. Nc3 Qh4 23. Bxg6 hxg6 24. Nxd5 cxd5 25. Qb3 Rc7 26. Qxd5 Rd8 27.
Qb3 Rxd4 28. e6 fxe6 29. Qxe6+ Kh7 30. Rde1 Rc2 31. Re2 Rdd2 32. Rxd2 Rxd2 33.
Qe5 Qh5 1/2-1/2

[Event "Harmonie Chess Tournament 2005"]
[Site "Groningen NED"]
[Date "2005.12.27"]
[Round "4.3"]
[White "Ragger, Markus"]
[Black "Rau, Hannes"]
[Result "1/2-1/2"]
[WhiteElo "2433"]
[BlackElo "2421"]
[PlyCount "35"]
[EventDate "2005.12.23"]
[EventType "tourn"]
[EventRounds "9"]
[EventCountry "NED"]
[EventCategory "7"]
[Source "lmi"]
[SourceDate "2005.12.31"]

1. e4 c5 2. c3 d5 3. exd5 Qxd5 4. d4 Nf6 5. Nf3 Bg4 6. Be2 e6 7. Na3 Nc6 8. O-O
cxd4 9. Nb5 Rc8 10. Nbxd4 Nxd4 11. Nxd4 Bxe2 12. Qxe2 a6 13. Rd1 Be7 14. Nf3
Qe4 15. Qxe4 Nxe4 16. Rd4 Nf6 17. Bg5 h6 18. Bf4 1/2-1/2

[Event "Harmonie Chess Tournament 2005"]
[Site "Groningen NED"]
[Date "2005.12.27"]
[Round "4.4"]
[White "Frolyanov, Dmitry"]
[Black "Michielsen, Joost"]
[Result "1-0"]
[WhiteElo "2508"]
[BlackElo "2362"]
[PlyCount "57"]
[EventDate "2005.12.23"]
[EventType "tourn"]
[EventRounds "9"]
[EventCountry "NED"]
[EventCategory "7"]
[Source "lmi"]
[SourceDate "2005.12.31"]

1. d4 d5 2. c4 c6 3. Nc3 Nf6 4. Nf3 a6 5. e3 b5 6. b3 Bf5 7. Ne5 e6 8. g4 Be4
9. f3 Bg6 10. h4 Bb4 11. Bd2 dxc4 12. bxc4 bxc4 13. Bxc4 Nd5 14. Bxd5 exd5 15.
h5 f6 16. hxg6 fxe5 17. dxe5 Qg5 18. f4 Qxg6 19. Qb1 Qxb1+ 20. Rxb1 a5 21. Ne2
Na6 22. Nd4 c5 23. Ne6 g6 24. a3 Bxd2+ 25. Kxd2 Kd7 26. f5 gxf5 27. gxf5 h5 28.
Rb7+ Kc8 29. Rg7 1-0

[Event "Harmonie Chess Tournament 2005"]
[Site "Groningen NED"]
[Date "2005.12.27"]
[Round "4.5"]
[White "Tan, Matthew"]
[Black "Ris, Robert"]
[Result "1/2-1/2"]
[WhiteElo "2298"]
[BlackElo "2337"]
[PlyCount "83"]
[EventDate "2005.12.23"]
[EventType "tourn"]
[EventRounds "9"]
[EventCountry "NED"]
[EventCategory "7"]
[Source "lmi"]
[SourceDate "2005.12.31"]

1. e4 c5 2. Nf3 d6 3. d4 cxd4 4. Nxd4 Nf6 5. Nc3 a6 6. Bg5 Nc6 7. f4 Qb6 8. Nb3
Qe3+ 9. Qe2 Qxe2+ 10. Bxe2 e6 11. O-O-O h6 12. Bh4 b5 13. Bf3 Bb7 14. Rhe1 Nd7
15. Kb1 Rc8 16. Re2 Rg8 17. Bg3 g5 18. fxg5 hxg5 19. e5 dxe5 20. Ne4 Be7 21.
Red2 Rc7 22. Nec5 Nxc5 23. Nxc5 Bc8 24. Nd7 Nd4 25. Nxe5 Nxf3 26. gxf3 f5 27.
Ng6 f4 28. Nxe7 Kxe7 29. Bf2 Rh8 30. h4 gxh4 31. Bd4 Rh5 32. Rg1 Kf8 33. Rdg2
e5 34. Rg8+ Ke7 35. Bb6 Rc6 36. R8g7+ Kf8 37. Rg8+ Ke7 38. R1g7+ Kf6 39. Rg6+
Kf7 40. R8g7+ Kf8 41. Rg8+ Kf7 42. R8g7+ 1/2-1/2

[Event "Harmonie Chess Tournament 2005"]
[Site "Groningen NED"]
[Date "2005.12.28"]
[Round "5.1"]
[White "Ris, Robert"]
[Black "Pruijssers, Roeland"]
[Result "0-1"]
[WhiteElo "2337"]
[BlackElo "2310"]
[PlyCount "178"]
[EventDate "2005.12.23"]
[EventType "tourn"]
[EventRounds "9"]
[EventCountry "NED"]
[EventCategory "7"]
[Source "lmi"]
[SourceDate "2005.12.31"]

1. e4 e5 2. Nf3 Nc6 3. Bb5 a6 4. Ba4 Nf6 5. O-O Be7 6. Re1 b5 7. Bb3 O-O 8. h3
d6 9. c3 Nb8 10. d4 Nbd7 11. Nbd2 Bb7 12. Bc2 Re8 13. Nf1 Bf8 14. d5 c6 15.
dxc6 Bxc6 16. Ng3 Qc7 17. Bg5 h6 18. Bxf6 Nxf6 19. Nh2 g6 20. Ng4 Nxg4 21. Qxg4
Bd7 22. Qf3 Be6 23. Bb3 Bxb3 24. axb3 Be7 25. Nf1 Bg5 26. Red1 Reb8 27. Qd3 Rb6
28. Nh2 b4 29. c4 Rc6 30. Nf3 a5 31. Ra4 Bd8 32. Qd5 Qc8 33. Rd3 Be7 34. Rd2
Rc5 35. Qd3 Qc6 36. Nh2 Bg5 37. Rd1 Ra6 38. Nf3 Bd8 39. g3 Qc8 40. Kg2 Kg7 41.
Nh2 Bg5 42. h4 Bd8 43. Nf1 Qe6 44. Ne3 Rac6 45. Raa1 h5 46. Rf1 Bf6 47. Nd5 Rc8
48. Rfd1 Bd8 49. Qe2 Rb8 50. Rd3 Rb7 51. Rad1 Rc6 52. Ra1 Rc5 53. Qd2 Rc6 54.
Qe2 Rc5 55. Rad1 Rc6 56. Qd2 Bb6 57. Rf3 Bd8 58. Rd3 Bb6 59. Rf3 Bd8 60. Qd3
Ra7 61. Ra1 Rb7 62. Re3 Ra6 63. Qd2 Bb6 64. Rf3 Bd8 65. Rd3 Rc6 66. Ne3 Bb6 67.
Rd5 Bc7 68. Rb5 Qc8 69. Nd5 Bd8 70. Rxb7 Qxb7 71. Qe3 Qd7 72. Rd1 Bxh4 73. Qe2
Bd8 74. Ne3 Bb6 75. Nd5 Bd4 76. Qf3 Qe6 77. Ra1 Rc5 78. Qe2 Qg4 79. f3 Qg5 80.
Rh1 Rc8 81. Rh4 Qc1 82. Rh1 Qxb2 83. Qxb2 Bxb2 84. Rd1 Bd4 85. Ne7 Rc7 86. Nd5
Ra7 87. Rb1 Bc5 88. Ra1 Bd4 89. Ra2 a4 0-1

[Event "Harmonie Chess Tournament 2005"]
[Site "Groningen NED"]
[Date "2005.12.28"]
[Round "5.2"]
[White "Michielsen, Joost"]
[Black "Tan, Matthew"]
[Result "1/2-1/2"]
[WhiteElo "2362"]
[BlackElo "2298"]
[PlyCount "45"]
[EventDate "2005.12.23"]
[EventType "tourn"]
[EventRounds "9"]
[EventCountry "NED"]
[EventCategory "7"]
[Source "lmi"]
[SourceDate "2005.12.31"]

1. e4 e5 2. Nf3 Nc6 3. Bb5 Nf6 4. O-O Nxe4 5. d4 Nd6 6. Bxc6 dxc6 7. dxe5 Nf5
8. Qxd8+ Kxd8 9. Nc3 Ne7 10. h3 h6 11. b3 Ng6 12. Bb2 c5 13. Rad1+ Bd7 14. Rd2
Ke8 15. Nd5 Rc8 16. Nh2 Ne7 17. c4 h5 18. Rfd1 Nc6 19. Nf3 Be6 20. Ng5 h4 21.
Kh2 Be7 22. Ne4 b6 23. Ne3 1/2-1/2